Fried Food - Sudden Death - Statistics

General Stats
  • This quiz has been taken 246 times
  • The average score is 8 of 16
Answers on the Grid
Answers color-coded by a green-red scale on the quiz's grid according to % correct below.
Fish and chips
General Tso's chicken
Leche frita
Samosa
Funnel cake
Wiener schnitzel
Falafel
Churro
Chocolate mousse
Banana split
Yakitori
Paya
Ceviche
Snezhanka
Kimchi-jjigae
Greek salad
Tonkatsu
Shrimp tempura
Tokneneng / Kwek-kwek
Mozzarella in carrozza
Yin Yang fish
Jalapeño popper
Blooming onion / Onion flower
Sciurilli
Bryndzové halušky
Gibelotte de Sorel
Cochinita pibil
Laplap
 
Answer Stats
Answer % Correct
Fish and chips
87%
Churro
84%
Shrimp tempura
75%
Samosa
67%
Falafel
65%
Jalapeño popper
63%
Blooming onion / Onion flower
59%
Wiener schnitzel
59%
General Tso's chicken
53%
Funnel cake
49%
Mozzarella in carrozza
47%
Leche frita
46%
Tonkatsu
34%
Yin Yang fish
26%
Tokneneng / Kwek-kwek
17%
Sciurilli
5%
No matching quizzes found
Score Distribution
Percent of People with Each Score
Percentile by Number Answered
Your Score History
You have not taken this quiz